000 01047nam a2200313 i 4500
003 DO-SdBPM
005 20251201111739.0
007 ta
008 230524b2010 dr a |||| 00| 0 spa d
020 _a9789945466362
040 _aDO-SdBPM
_bspa
_cBPMSU
_erda
_d
082 4 _aRD861.44
_bH557c, 2010
_222
100 1 _aHernández Rueda, Lupo,
_d1930-2017
_eautor
245 1 0 _aCrónica del Sur /
_cLupo Hernández Rueda ; edición Tomás Castro Burdiez ; ilustraciones Silvano Lora
250 _a4a edición
264 _aSanto Domingo :
_bEducarte,
_c2010.
300 _a62 páginas :
_bilustraciones ;
_c21 cm.
336 _2rdacontent
_atexto
_btxt
337 _2rdamedia
_asin mediación
_bn
338 _2rdacarrier
_avolumen
_bnc
590 _aInventariado, 2025/VM
650 7 _aPoesía dominicana
650 7 _aContaminación
_vPoesías
650 4 _aLiteratura dominicana
700 1 _aLora, Silvano,
_eilustraciones
700 1 _aCastro, Tomás,
_d1959-
_eedición
910 _a VMateo V. Control de calidad BPMSU
942 _2ddc
_cBK
999 _c15553
_d15553